000 00629nam a2200229Ia 4500
003 OSt
005 20220924115112.0
006 a|||||r|||| 00| 0
007 ta
008 220923b |||||||| |||| 00| 0 urd d
024 _a315038
037 _cTextual
040 _aARTS
_cARTS
_burd
041 _2urd
_aurd
082 _aO168,1N361,1, L2
100 _aKaramat Ali Karamat
_9176796
245 0 _aShaaon ki saleeb
260 _aCuttuck
_bShakhsar Publications India
_c1972
650 _aURDU POETRY
942 _hO168,1N361,1, L2
_cTEXL
_2CC
999 _c396754
_d396754